00573 2200193 4500001002100000005001700021008004100038035002500079040001200104084001600116100002400132245006600156250001100222260004600233300003600279650003700315850001200352990001500364INLIS00000000000958720150811095936.0 ind  a0010-081500000001025 aYOPDYOG aR 927 Kus B aKussudiarja, Bagong aBagong Kussudiardja: sebuah autobiograficKussudiarja, Bagong aCet. 1 aYogyakartabBenteng Intervisi Utamac1993 axiv, 265 hlm. :bilus. ;c21 cm aAutobiografi Bagong Kussudiardja aYOPDYOG a20471-B/94